Normal view MARC view

Entry Uniform Title

Number of records used in: 1

001 - CONTROL NUMBER

  • control field: 48788

003 - CONTROL NUMBER IDENTIFIER

  • control field: dpl

005 - DATE AND TIME OF LATEST TRANSACTION

  • control field: 20120609151829.0

008 - FIXED-LENGTH DATA ELEMENTS

  • fixed length control field: 120609|||a|||||| | ||| d

040 ## - CATALOGING SOURCE

  • Original cataloging agency: dpl
  • Transcribing agency: dpl

130 ## - HEADING--UNIFORM TITLE

  • Uniform title: लोकप्रिय विज्ञान माला

670 ## - SOURCE DATA FOUND

  • Source citation: Work cat.: (dpl)14136: परदेशी, अनुपम 47182, पक्षी- जगत की सैर /, 2007

670 ## - SOURCE DATA FOUND

  • Source citation: Work cat.: (dpl)14136: परदेशी, अनुपम 47182, पक्षी- जगत की सैर /, 2007

© Delhi Public Library
Hit Counter
free hit counter